| 000 | 00952cab a2200277 4500 | ||
|---|---|---|---|
| 001 | ABS55349 | ||
| 008 | 090401t1996 xxu||||| |||| 00| 0 eng d | ||
| 035 | _a(Sirsi) u15900 | ||
| 041 | _aeng | ||
| 100 | _aCard, R | ||
| 245 | _aAccess to the countryside - the impact of the Criminal Justice and Public Order Act 1994 | ||
| 260 | _c1996 | ||
| 350 | _a0 | ||
| 490 |
_aJournal of Planning and Environment Law _vJune 1996, 447-462(16) |
||
| 520 | _aExamines the main provisions of the Criminal Justice and Public Order Act 1994 and the impact on public access to the countryside. Also looks at the law generally regarding access to land. Includes case law. | ||
| 650 | _aACCESS TO THE COUNTRYSIDE | ||
| 650 | _aCRIMINAL JUSTICE AND PUBLIC ORDER ACT 1994 | ||
| 650 | _aPUBLIC ACCESS | ||
| 650 | _aRIGHTS OF ACCESS | ||
| 650 | _aTRESPASS | ||
| 690 | _aLAND | ||
| 690 | _aLAW | ||
| 700 | _aWard, R. | ||
| 942 | _n0 | ||
| 948 | _c04/03/1997 | ||
| 999 |
_c10468 _d10468 |
||